Statistics for A Quiz About Milwaukee

Click here to take the quiz!

General Stats

  • This quiz has been taken 5,660 times
  • The average score is 10 of 17

Answer Stats

HintAnswer% Correct
State in which Milwaukee is locatedWisconsin
97%
Lake on which Milwaukee liesLake Michigan
93%
Milwaukee's NBA teamBucks
82%
In 1900, 34% of the city's population came from this countryGermany
80%
Motorcycle company based in MilwaukeeHarley-Davidson
80%
Milwaukee's Major League teamBrewers
74%
Budapest-born escape artist who grew up in MilwaukeeHarry Houdini
74%
1970s sitcom featuring "The Fonz"Happy Days
67%
Players who have won an NBA finals MVP for that teamGiannis Antetokounmpo
59%
Name one of Milwaukee's four major breweries circa 1950Schlitz | Blatz | Pabst | Miller
56%
Flamboyant pianist from MilwaukeeLiberace
51%
Players who have won an NBA finals MVP for that teamKareem Abdul-Jabbar
44%
Prime Minister of Israel who grew up in MilwaukeeGolda Meir
40%
1970s sitcom about two women working at a beer factoryLaverne and Shirley
40%
French explorer for whom a local university is namedJacques Marquette
39%
Native American language which from Milwaukee got its nameAlgonquian
26%
Milwaukee's annual lakefront music festival{Summer}fest
21%

Score Distribution

Percentile by Number Answered

Percent of People with Each Score

Your Score History

You have not taken this quiz